The upward spiral/ (Record no. 164823)

MARC details
000 -LEADER
fixed length control field 00498nam a22001817a 4500
005 - DATE AND TIME OF LATEST TRANSACTION
control field 20190528164651.0
010 ## - LCCN (DPL NO)
LC control number ENG-125335
020 ## - INTERNATIONAL STANDARD BOOK NUMBER
International Standard Book Number 9788172764289
Terms of availability 250.00
035 ## - SYSTEM CONTROL NUMBER
System control number EN-108867
037 ## - SOURCE OF ACQUISITION
Source of stock number/acquisition DBAD/PUB
082 ## - DEWEY DECIMAL CLASSIFICATION NUMBER
Classification number N
100 ## - MAIN ENTRY--PERSONAL NAME
Personal name Roy, Dilip Kumar
245 ## - TITLE STATEMENT
Title The upward spiral/
Statement of responsibility, etc by Dilip Kumar Roy
260 ## - PUBLICATION, DISTRIBUTION, ETC. (IMPRINT)
Place of publication, distribution, etc Mumbai
Name of publisher, distributor, etc Bharatiya Vidhya Bhavan
Date of publication, distribution, etc 2009
270 ## - ADDRESS
Address K.M Munshi Marg
City Mumbai
Postal code 400007
Electronic mail address bhavan@bhavan.info
300 v# - PHYSICAL DESCRIPTION
Extent 577p.
Dimensions 21cm(pb)
942 ## - ADDED ENTRY ELEMENTS (KOHA)
Source of classification or shelving scheme Dewey Decimal Classification
Item type English Books
Call number suffix ROY
Classification part N
Holdings
Withdrawn status Lost status Not for loan Collection code Home library Current library Date acquired Source of acquisition Cost, normal purchase price Full call number Barcode Copy number Cost, replacement price Koha item type
      Fiction Patel Nagar Patel Nagar 28/05/2019 DBAD/PUB 250.00 N ROY EN-108867 1 250.00 English Books

© Delhi Public Library
Hit Counter
free hit counter